El marxismo de Althusser / (Record no. 36941)

MARC details
000 -CABECERA
campo de control de longitud fija 00571nam a2200205 a 4500
005 - FECHA Y HORA DE LA ÚLTIMA TRANSACCIÓN
campo de control 20240911064746.0
008 - ELEMENTOS DE LONGITUD FIJA--INFORMACIÓN GENERAL
campo de control de longitud fija 991125s1981 mx 000 0 spa u
020 ## - NÚMERO INTERNACIONAL NORMALIZADO PARA LIBROS
Número Internacional Estándar del Libro 9684340346
035 ## - NÚMERO DE CONTROL DEL SISTEMA
Número de control de sistema UPN01000036941
049 ## - COLECCIÓN
Colección CG
050 #4 - SIGNATURA TOPOGRÁFICA DE LA BIBLIOTECA DEL CONGRESO
Número de clasificación HX59
Número de documento/Ítem C3.48 1981
100 1# - ASIENTO PRINCIPAL--NOMBRE PERSONAL
Nombre de persona Callinicos, Alex Theodore,
Fechas asociadas al nombre 1950-
9 (RLIN) 36766
245 13 - MENCIÓN DE TÍTULO
Título El marxismo de Althusser /
Mención de responsabilidad, etc. Alex Callinicos ; tr. Héctor Acosta.
250 ## - MENCIÓN DE EDICIÓN
Mención de edición 2a ed.
260 ## - PUBLICACIÓN, DISTRIBUCIÓN, ETC.
Lugar de publicación, distribución, etc. México :
Nombre del editor, distribuidor, etc. Premiá,
Fecha de publicación, distribución, etc. 1981.
300 ## - DESCRIPCIÓN FÍSICA
Extensión 116 p.
440 #3 - MENCIÓN DE SERIE/ASIENTO SECUNDARIO--TÍTULO
Título La red de Jonás.
Nombre de parte o sección de la obra Ensayo
650 #4 - ASIENTO SECUNDARIO DE MATERIA - TERMINO TEMATICO
Término de materia o nombre geográfico como elemento de entrada Comunismo
9 (RLIN) 6792
905 ## - TIPO DE MATERIAL
Tipo de material Libro
Holdings
Estado de retiro Estado de pérdida Fuente del sistema de clasificación o colocación Estado dañado No para préstamo Código de colección Localización permanente Ubicación/localización actual Ubicación en estantería Fecha de adquisición Total de préstamos Renovaciones totales Clasificación Código de barras Fecha visto por última vez Fecha del último préstamo Número de copia Tipo de ítem Koha
    Library of Congress Classification     Colección General Bib. Gregorio Torres Quintero Bib. Gregorio Torres Quintero Planta baja 20/09/2024 14 1 HX59 C3.48 1981 78670 22/10/2024 20/09/2024 1 Libro